000 006840000a22002290004500
003 LK-CoMWRAF
005 20231115150518.0
008 230817t2004 ||||| |||| 00| 0 eng d
020 _a8176495891
040 _aLK-CoMWRAF
_dLK-CoMWRAF
_eLK-CoMWRAF
041 _aeng
082 _a658.314
_bGOM
100 _aGoman, Carol Kinsey
245 _aManaging for commitment:
_bdeveloping loyalty in a changing workplace
260 _aNew Delhi:
_bViva,
_c2004
300 _aiv, 72 p. : ill. ; 25 cm.
490 _aFifty-minute series book
650 _aCORPORATE CULTURE-Problems, exercises,
653 _aEmployee motivation--Problems, exercises,
653 _aLoyalty
942 _cBK
999 _c791
_d791